000 00279nam a22001217a 4500
008 160521b xxu||||| |||| 00| 0 eng d
020 _a9780757512506
020 _a9780757512506
041 _aeng
080 _a579
245 _aBscs biology:
_cA.Human Approach;
942 _2udc
_cBK
999 _c2345
_d2345